000 00886nam a2200253 i 4500
003 DO-SdBNP
005 20251006090025.0
007 ta
008 210901b 2018 dr 00| 0 eng d
040 _aDO-SdBNP
_bspa
_cBNPHU
_erda
041 _aspa
082 4 _axxx
_bxxx
_222
100 1 _aWeyl, Richard,
_eautor
_4aut.
_979683
245 1 0 _aViajes geológicos por las Antillas, la República Dominicana en 1938/39 y 1953 /
_cRichard Weyl ; editor, Dirk E. Guenther
264 1 _aSanto Domingo :
_bAcademia de Ciencias de la República Dominicana,
_c2018.
300 _a54 páginas :
_bilustraciones ;
_c23 cm.
336 _atexto
_btxt
_2rdacontent
337 _asin mediación
_bn
_2rdamedia
338 _avolumen
_bnc
_2rdacarrier
500 _aIncluye referencias bibliográficas y notas al pie de las páginas
590 _aInventariado, 2021/BT
910 _aBtavárez
942 _2ddc
_cLF2
999 _c50361
_d50361